Utopía, ideología y totalitarismo

Αποθηκεύτηκε σε:
Λεπτομέρειες βιβλιογραφικής εγγραφής
Κύριος συγγραφέας: Moreno Valencia, Fernando (autor)
Μορφή: Βιβλίο
Γλώσσα:Ισπανικά
Έκδοση: Santiago Andante 1989
Θέματα:
Ετικέτες: Προσθήκη ετικέτας
Δεν υπάρχουν, Καταχωρήστε ετικέτα πρώτοι!

MARC

LEADER 00000nam a2200000 a 4500
001 UCO7640
003 CL-VaPUC
005 20241212091159.0
008 001117e19890000CL |||||||||||||||||spa|d
999 |c 292526  |d 292524 
040 |c Pontificia Universidad Católica de Valparaíso 
082 0 4 |a 320.53  |b MOR  |2 21 
100 |a Moreno Valencia, Fernando  |e autor  |9 503994 
245 1 0 |a Utopía, ideología y totalitarismo 
260 |a Santiago  |b Andante  |c 1989 
300 |a 241 p 
500 |a Donación del profesor Manfred Wilhelmy von Wolff 
583 |a last modification  |c 20001117 00:00:00  |k Rodrigo Vera 
600 0 7 |a Maritain, Jacques,  |d 1882-1973  |9 862881 
600 0 |a Marx, Karl Heinrich,  |d 1818-1883  |9 861123 
650 0 |a Totalitarismo  |9 255261 
650 7 |a MARXISMO  |2 CL-VaPUC  |9 452249 
650 0 |a Utopía  |9 267298 
650 0 |a Lucha de clases  |9 403122 
942 |c BK  |2 ddc 
945 |d 20001117 00:00:00  |a crobeson 
952 |0 0  |1 0  |4 0  |6 320_530000000000000_MOR_1989  |7 0  |8 A  |9 343447  |a BIBHIS  |b BIBHIS  |d 2019-11-20  |i 1229192  |l 1  |o 320.53 MOR 1989  |p 1229192  |r 2025-04-23  |s 2025-04-23  |w 2019-11-20  |y BK  |k HIS